000 00652nam a2200217 i 4500
001 103700
003 ES-MaACL
005 20250728032127.0
007 t|
008 060504s1986 sp ||||1| spa d
020 _a84-7541-920-8
080 _a821.134.2-14"19"
100 1 _aSánchez Vigil, Juan Miguel,
_d1956-
_9226419
245 1 0 _aTreinta angustias como treinta años /
_cJuan Miguel Sánchez Vigil.
260 _aMadrid :
_bEl Paisaje,
_c1986.
300 _a69 p. ;
_c22 cm.
490 1 _aEl paisaje ;
_v1037
830 0 _aEl paisaje ;
_v1037
_9226420
852 _aES-MaACL
_j2201-F-7
_bR.137242
999 _c103700
_d103700